=LDR 00000nam 2200000 4500 =001 INLIS000000000021559 =005 20130612120417 =008 ***********************************Ind** =035 ##$$0010-061300000021559 =041 ##$$a Ind =082 ##$$a 398.209 598 2 =090 ##$$a 398.209 598 2, Hut c =100 ##$$a Hutomo, Suripan Sadi =245 ##$$a Cerita kentrung sarahwulan di Tuban, Suripan Sadi Hutomo =260 ##$$a 1993 $b Jakarta =300 ##$$a xxviii, 503 hlm, 21 cm =650 ##$$a Cerita Rakyat Tuban =850 ##$$a NBPNMAT